| 000 | 00504nam a22001937a 4500 | ||
|---|---|---|---|
| 003 | CEME | ||
| 005 | 20210628210033.0 | ||
| 008 | 210201b xxu||||| |||| 00| 0 eng d | ||
| 020 | _a0-471-47378-2 | ||
| 040 | _c. | ||
| 082 | _a621.3848 LEV | ||
| 100 |
_aLevanon, Nadav _977945 |
||
| 245 | _aRadar signals | ||
| 260 |
_aUSA _bJOHN WILEY & SONS _c2004 |
||
| 300 | _aXIV,411P | ||
| 650 |
_aRADAR SIGNALS.MTI RADAR.ADVANCED MATLAB PROGRAMS _977946 |
||
| 700 |
_a Mozeson, Eli _977947 |
||
| 942 |
_cBK _2ddc |
||
| 999 |
_c583117 _d583117 |
||